[Event "Chr2"]
[Site "http://www.queenalice.com/game.php?id=1231378"]
[Date "2013.11.10"]
[Round "-"]
[White "chrnno"]
[Black "Equiferus"]
[Result "0-1"]
[WhiteElo "1745"]
[BlackElo "1816"]

1. e4 Nf6 2. Qf3 e5 3. g4 d5 4. exd5 Bxg4 5. Qe3 Qxd5 6. f3 Bc5 7. Nc3 Bxe3 8.
Nxd5 Nxd5 9. fxg4 Bf4 10. Bg2 c6 11. a3 O-O 12. c4 Nf6 13. h3 Bg3+ 14. Ke2 e4
15. g5 Nh5 16. Bxe4 Re8 17. Kf3 Nd7 18. d3 Ne5+ 19. Ke3 Rad8 20. d4 Nxc4+ 21.
Kd3 Ne5+ 22. Ke3 Nc4+ 23. Kd3 Nd6 24. Bf3 Nf4+ 25. Kc3 Ne4+ 26. Bxe4 Rxe4 27.
Bxf4 Bxf4 28. Rf1 Re3+ 29. Kc4 b5+ 30. Kc5 Rd5+ 31. Kxc6 Rxd4 32. Nf3 Rd6+ 33.
Kxb5 Rb3+ 34. Kc4 Rxb2 35. Rb1 Rbb6 36. a4 Rbc6+ 37. Kb4 g6 38. Rhd1 Rb6+ 39.
Ka3 Rxb1 40. Rxb1 Rd3+ 41. Rb3 Re3 42. a5 Re4 43. Rb4 Bd6 0-1

[Event "Challenge"]
[Site "http://www.queenalice.com/game.php?id=1232037"]
[Date "2013.11.12"]
[Round "-"]
[White "Andrei_78"]
[Black "chrnno"]
[Result "0-1"]
[WhiteElo "1612"]
[BlackElo "1691"]

1. e4 e5 2. Nf3 h6 3. Nxe5 d6 4. Nf3 g5 5. Bc4 g4 6. Ng1 a6 7. d3 b5 8. Bd5 c6
9. Bb3 a5 10. a3 a4 11. Ba2 h5 12. Bf4 Bg7 13. Ne2 Bxb2 14. Nd2 Bxa1 15. Qxa1
Qf6 16. Qb1 Be6 17. Bxd6 Bxa2 18. Qc1 Qxd6 19. Nc3 Be6 20. Ne2 Na6 21. O-O h4
22. Qb2 f6 23. Nd4 g3 24. fxg3 hxg3 25. h3 Nc7 26. Rf3 Bd7 27. Ne2 Bxh3 28. Rxg3
Bd7 29. Qa2 Be6 30. c4 Ne7 31. Qb2 Kf7 32. Rf3 Qh2+ 33. Kf2 Qh4+ 34. Ng3 Bg4 35.
Rf4 Ne6 36. Nf3 Qh6 37. Rxg4 Rag8 38. Rh4 Qg6 39. Rxh8 Rxh8 40. cxb5 Nf4 41.
bxc6 Nxd3+ 0-1

[Event "Challenge"]
[Site "http://www.queenalice.com/game.php?id=1232245"]
[Date "2013.11.14"]
[Round "-"]
[White "chrnno"]
[Black "Omar"]
[Result "1-0"]
[WhiteElo "1731"]
[BlackElo "1777"]

1. e4 Nc6 2. Qf3 h6 3. Bc4 Ne5 4. Qe2 d6 5. d4 Nxc4 6. Qxc4 Nf6 7. e5 dxe5 8.
dxe5 Nd5 9. Nc3 Nxc3 10. Qxc3 e6 11. Bd2 a6 12. O-O-O b5 13. Be3 Bb7 14. Rxd8+
Rxd8 15. f3 Rc8 16. Ne2 c5 17. Qa5 Be7 18. Qb6 O-O 19. Qxb7 Rfe8 20. Qxa6 b4 21.
c3 Ra8 22. Qc4 Ra5 23. cxb4 cxb4 24. Kb1 g5 25. Qc6 Rea8 26. Rc1 Rxa2 27. Bc5
R2a6 28. Qb5 Ra5 29. Qxb4 Ra1+ 30. Kc2 Rc8 31. Rxa1 Bxc5 32. Qb7 Rf8 33. Ra8
Rxa8 34. Qxa8+ Kg7 35. Qa5 Bf8 36. b4 Kg6 37. g4 Bg7 38. Ng3 f6 39. Nh5 Bh8 40.
exf6 Bxf6 41. Nxf6 Kxf6 42. b5 Kg6 43. b6 h5 44. b7 hxg4 45. fxg4 Kf6 46. b8=Q
Kg6 47. Qbd8 Kh6 48. Qaxg5+ Kh7 49. Qdg8# 1-0

[Event "Chr3"]
[Site "http://www.queenalice.com/game.php?id=1233191"]
[Date "2013.11.18"]
[Round "-"]
[White "chrnno"]
[Black "Equiferus"]
[Result "0-1"]
[WhiteElo "1749"]
[BlackElo "1829"]

1. e4 Nf6 2. e5 Nd5 3. c4 Nb6 4. a4 a5 5. f4 d6 6. d4 dxe5 7. fxe5 Nc6 8. Nf3
Bg4 9. Be3 e6 10. h3 Bh5 11. Bd3 Nb4 12. g4 Bg6 13. Bxg6 hxg6 14. Qb3 f6 15. c5
N6d5 16. exf6 gxf6 17. Bd2 Bh6 18. Bxh6 Rxh6 19. Nbd2 Kf7 20. O-O-O Nf4 21. Nc4
Ne2+ 22. Kd2 Nxd4 23. Qc3 Ndc2+ 24. Kc1 Qe7 25. Ne3 Na2+ 26. Kxc2 Nxc3 27. Kxc3
Qxc5+ 28. Nc4 Qb4+ 29. Kd3 Qb3+ 30. Kd4 Rd8+ 0-1

[Event "Chr4"]
[Site "http://www.queenalice.com/game.php?id=1234053"]
[Date "2013.11.21"]
[Round "-"]
[White "chrnno"]
[Black "Equiferus"]
[Result "0-1"]
[WhiteElo "1736"]
[BlackElo "1800"]

1. e4 d5 2. Qf3 dxe4 3. Qxe4 Nf6 4. Qd3 Nc6 5. Qxd8+ Nxd8 6. f3 e5 7. c3 Bc5 8.
b4 Bb6 9. a4 a6 10. g4 O-O 11. a5 Ba7 12. Na3 Re8 13. Bb2 e4 14. O-O-O exf3 15.
Bh3 f2 16. Nf3 Nxg4 17. Bxg4 Bxg4 18. h4 Bxf3 19. Rh3 Bxd1 0-1

[Event "Challenge"]
[Site "http://www.queenalice.com/game.php?id=1234682"]
[Date "2013.11.23"]
[Round "-"]
[White "chrnno"]
[Black "Omar"]
[Result "0-1"]
[WhiteElo "1743"]
[BlackElo "1781"]

1. e4 e5 2. Qf3 Nf6 3. g4 h6 4. c4 Nc6 5. Ne2 Nb4 6. Na3 d6 7. d3 Bxg4 8. Qe3
Be6 9. Bd2 a5 10. O-O-O Nxa2+ 11. Kb1 Nb4 12. Nc3 c6 13. Bh3 Qd7 14. Bxe6 Qxe6
15. h3 d5 16. f3 d4 17. Qf2 dxc3 18. Bxc3 Rd8 19. d4 exd4 20. Rxd4 Rxd4 21. Bxd4
Be7 22. e5 Nh5 23. b3 Qf5+ 24. Kb2 Nd3+ 0-1

[Event "Chr5"]
[Site "http://www.queenalice.com/game.php?id=1235242"]
[Date "2013.11.25"]
[Round "-"]
[White "chrnno"]
[Black "Equiferus"]
[Result "1-0"]
[WhiteElo "1723"]
[BlackElo "1813"]

1. e4 Nf6 2. Nf3 d5 3. exd5 Nxd5 4. c4 Nb6 5. c5 Nd5 6. Bc4 Bg4 7. Be2 Nf4 8. g3
Nd3+ 9. Kf1 Bh3+ 10. Kg1 Nxc1 11. Qxc1 e6 12. b4 Qd5 13. Nc3 Qc6 14. Bb5 Qxb5
15. Nxb5 1-0

[Event "Chr6"]
[Site "http://www.queenalice.com/game.php?id=1236866"]
[Date "2013.12.1"]
[Round "-"]
[White "chrnno"]
[Black "Equiferus"]
[Result "0-1"]
[WhiteElo "1729"]
[BlackElo "1792"]

1. e4 Nf6 2. Qf3 d6 3. h3 Nc6 4. c3 e5 5. g4 h6 6. b4 a6 7. a4 Be6 8. a5 d5 9.
d3 d4 10. Bb2 b5 11. Ne2 dxc3 12. Bxc3 Nd4 13. Nxd4 exd4 14. Bd2 Bd6 15. Be2 O-O
16. Bf4 Bxb4+ 17. Bd2 Qe7 18. Bxb4 Qxb4+ 19. Kf1 Qb2 20. e5 Bd5 21. Qf4 Qxa1 22.
Bf3 Qxb1+ 23. Kg2 Qxd3 24. Rd1 Bxf3+ 25. Qxf3 Qxf3+ 26. Kxf3 Nd7 27. Ke4 c5 28.
Kd5 Rac8 29. Kd6 Rfd8 30. f4 Kf8 31. Kd5 Nf6# 0-1

[Event "Challenge"]
[Site "http://www.queenalice.com/game.php?id=1236958"]
[Date "2013.12.2"]
[Round "-"]
[White "arpia"]
[Black "chrnno"]
[Result "1-0"]
[WhiteElo "1786"]
[BlackElo "1716"]

1. e4 e5 2. f4 f6 3. Nf3 exf4 4. d4 g5 5. Nxg5 fxg5 6. Qh5+ Ke7 7. Qxg5+ Ke8 8.
Qh5+ Ke7 9. Bc4 Qe8 10. Qg5+ Nf6 11. e5 Qg6 12. exf6+ Qxf6 13. Qxf6+ Kxf6 14.
Bxf4 c6 15. O-O d5 16. Be5+ Kg6 17. Bxh8 Bg7 18. Bd3+ Kh6 19. Bxg7+ Kxg7 20. Nd2
Nd7 21. Rae1 Nf6 22. Re7+ Kf8 23. Rxh7 Bg4 24. Rxf6+ Kg8 25. Rff7 b5 26. Rhg7+
Kh8 27. Rxg4 a5 28. Rf3 1-0

[Event "Challenge"]
[Site "http://www.queenalice.com/game.php?id=1236960"]
[Date "2013.12.2"]
[Round "-"]
[White "chrnno"]
[Black "arpia"]
[Result "0-1"]
[WhiteElo "1703"]
[BlackElo "1805"]

1. e4 e5 2. Qf3 Nc6 3. Bc4 Nf6 4. c3 d6 5. b4 Bg4 6. Qe3 Be7 7. Be2 Qd7 8. h3
Bh5 9. g4 Bg6 10. h4 O-O-O 11. h5 Bxe4 12. f3 Bxb1 13. Rxb1 Nd5 14. Qf2 Nf4 15.
b5 Nxe2 16. Nxe2 Rhe8 17. d4 exd4 18. cxd4 Bf6 19. d5 Bc3+ 20. Kf1 Nb4 21. Nxc3
Nd3 22. Qd2 Ne5 23. Kg2 Nc4 24. Qd3 Ne5 25. Qxh7 f5 26. gxf5 Rh8 27. Qxh8 Rxh8
28. f4 Nd3 29. Bd2 Qxf5 30. a4 Qg4+ 31. Kf1 Qf3+ 32. Kg1 Qf2# 0-1

[Event "Challenge"]
[Site "http://www.queenalice.com/game.php?id=1237334"]
[Date "2013.12.3"]
[Round "-"]
[White "chrnno"]
[Black "Omar"]
[Result "1/2-1/2"]
[WhiteElo "1681"]
[BlackElo "1751"]

1. e4 e5 2. Qf3 d6 3. Bc4 Nf6 4. h3 h6 5. g4 Nc6 6. c3 a6 7. a4 Bd7 8. a5 b5 9.
Be2 Ne7 10. b4 Bc6 11. d3 d5 12. Nd2 Ng6 13. h4 Nf4 14. Bd1 d4 15. Bb2 dxc3 16.
Bxc3 Qd6 17. Nh3 Qxd3 18. Nxf4 Qxf3 19. Bxf3 exf4 20. O-O-O Be7 21. h5 Nd7 22.
Bxg7 Rh7 23. Bc3 O-O-O 24. Nb3 Nf6 25. Rxd8+ Bxd8 26. Nc5 Rh8 27. Nxa6 Re8 28.
Re1 Nh7 29. Nc5 Ba8 30. a6 Bc6 31. a7 Bf6 32. Bd2 Bd4 33. Bxf4 Bxf2 34. Re2 Bxc5
35. bxc5 Kb7 36. Ra2 Ra8 37. Bxh6 Rxa7 38. Rxa7+ Kxa7 39. g5 Ka6 40. g6 fxg6 41.
hxg6 Nf6 42. g7 Ng8 43. Bf4 b4 44. Be2+ Bb5 45. Bxb5+ Kxb5 46. Bxc7 Kxc5 47. e5
Kd5 48. Kb2 Ke6 49. Kb3 Kf7 50. Kxb4 Kxg7 51. Kc5 Kf7 52. Kd5 Ne7+ 53. Kd6 Ke8
54. e6 Nf5+ 55. Ke5 Ng7 56. Kf6 Nh5+ 57. Kg5 Ng7 58. Kf6 Nh5+ 59. Kg5 Ng3 60.
Kf6 Ne4+ 61. Kf5 Nc5 62. Kf6 Na6 1/2-1/2

[Event "Challenge"]
[Site "http://www.queenalice.com/game.php?id=1237400"]
[Date "2013.12.3"]
[Round "-"]
[White "chrnno"]
[Black "Omar"]
[Result "0-1"]
[WhiteElo "1704"]
[BlackElo "1762"]

1. e4 e5 2. Qf3 d6 3. Bc4 Nf6 4. h3 h6 5. g4 Qe7 6. Nc3 Nc6 7. Nd5 Nd4 8. Nxe7
Nxf3+ 9. Nxf3 Bxe7 10. a4 Nxe4 11. b4 c6 12. c3 Bf6 13. Bb2 Ng5 14. Nxg5 Bxg5
15. h4 Bf4 16. f3 Bg3+ 17. Kf1 Bf4 18. Ke2 d5 19. Bd3 Be6 20. b5 O-O 21. Ba3
Rfd8 22. Rab1 d4 23. bxc6 bxc6 24. Be4 Rac8 25. Rb7 Bc4+ 26. Bd3 Bxd3+ 27. Kxd3
dxc3+ 28. Kxc3 Bxd2+ 29. Kc2 Be3 30. Rxa7 Bxa7 31. a5 c5 32. Re1 Rd5 33. Kc3 c4
34. Bb4 Bd4+ 35. Kc2 c3 36. a6 Ra8 37. Ra1 Rd7 38. Kd3 Bc5+ 39. Kxc3 Bd4+ 40.
Kc4 Bxa1 41. Kb5 Rda7 0-1

[Event "Chr7"]
[Site "http://www.queenalice.com/game.php?id=1242410"]
[Date "2013.12.24"]
[Round "-"]
[White "chrnno"]
[Black "Equiferus"]
[Result "0-1"]
[WhiteElo "1690"]
[BlackElo "1875"]

1. e4 c5 2. Qf3 Nc6 3. c3 a6 4. a4 e5 5. g4 d6 6. Nh3 Be7 7. d3 Bh4 8. g5 h6 9.
gxh6 Nxh6 10. b4 O-O 11. Be3 cxb4 12. c4 Bg4 13. Qg2 Qf6 14. Nd2 Qe6 15. Qg1 f5
16. c5 fxe4 17. dxe4 Nd4 18. Bxd4 exd4 19. Bc4 Bxh3 20. Bxe6+ Bxe6 21. O-O-O
Bxf2 22. Qg6 Rf6 23. Qg2 dxc5 24. e5 Rf7 25. Ne4 Be3+ 26. Kb2 Ng4 27. Rhf1 Raf8
28. h3 Nf2 29. Nxf2 Rxf2+ 30. Rxf2 Rxf2+ 31. Qxf2 Bxf2 32. Rf1 Bh4 33. Rh1 d3
34. Rh2 Bg3 35. Rg2 Be1 36. Kc1 Bxh3 37. Rg1 d2+ 38. Kd1 Be6 39. Rxe1 dxe1=Q+
40. Kxe1 Bb3 41. a5 Kf7 42. Kd2 Ke6 43. Kc1 g5 44. Kb2 c4 45. Kc1 c3 46. Kb1 g4
47. Kc1 g3 48. Kb1 g2 49. Kc1 g1=Q# 0-1

[Event "Challenge"]
[Site "http://www.queenalice.com/game.php?id=1260372"]
[Date "2014.2.27"]
[Round "-"]
[White "chrnno"]
[Black "Omar"]
[Result "0-1"]
[WhiteElo "1684"]
[BlackElo "1728"]

1. e4 e5 2. Qf3 Nf6 3. g4 h6 4. Nh3 a6 5. a3 Nc6 6. c3 Be7 7. b4 d6 8. g5 hxg5
9. Nxg5 Bg4 10. Qg3 Rh5 11. h4 Bc8 12. Be2 Rh8 13. Bc4 d5 14. exd5 Nxd5 15. d3
f6 16. Ne4 b5 17. Bb3 Be6 18. c4 Nb6 19. Nc5 Nd4 20. Nxe6 Nxe6 21. c5 Nd5 22.
Qf3 c6 23. Bb2 Nef4 24. Bxd5 Qxd5 25. Qxd5 Nxd5 26. Nc3 Nxc3 27. Bxc3 Rd8 28.
O-O-O Rd5 29. d4 e4 30. Rde1 f5 31. h5 Bf6 32. f3 Kf7 33. fxe4 fxe4 34. Rxe4
Rdxh5 35. Rxh5 Rxh5 36. Kc2 g5 37. Rg4 Rh4 38. Rxh4 gxh4 39. d5 cxd5 40. Bxf6
Kxf6 41. c6 Ke7 42. Kd2 h3 0-1

[Event "Challenge"]
[Site "http://www.queenalice.com/game.php?id=1268424"]
[Date "2014.3.27"]
[Round "-"]
[White "chrnno"]
[Black "Omar"]
[Result "0-1"]
[WhiteElo "1656"]
[BlackElo "1767"]

1. e4 e5 2. Qf3 Nf6 3. Nc3 a6 4. a4 h6 5. Nd5 Nxd5 6. exd5 d6 7. h3 Be7 8. g4
Nd7 9. b4 Nf6 10. d3 Nh7 11. c3 Ng5 12. Qe2 Bd7 13. Nf3 c6 14. Nxg5 Bxg5 15.
Bxg5 Qxg5 16. Qe3 Qxe3+ 17. fxe3 cxd5 18. Bg2 Bc6 19. e4 d4 20. c4 b5 21. axb5
axb5 22. Rxa8+ Bxa8 23. cxb5 O-O 24. O-O Rb8 25. Ra1 Bb7 26. Kf2 Kh7 27. Kg3 Bc8
28. Ra5 Kg6 29. Bf3 Bd7 30. h4 Bxb5 31. h5+ Kg5 32. Ra7 Kf6 33. Be2 Bc6 34. Rc7
Ba4 35. Rc4 Bb3 36. Rc6 Ke6 37. Kf3 Rxb4 38. Rc8 Ba2 39. Rg8 Kf6 40. Rd8 Rb6 41.
Ra8 Bb1 42. Rd8 Ke6 43. Rg8 Kf6 44. Rf8 Rb3 45. Rd8 Bxd3 46. Bxd3 Rxd3+ 47. Kf2
Ke7 48. Rg8 Kf6 49. Rd8 Ke7 50. Rg8 Kf6 51. Rd8 Kg5 52. Rxd6 Kxg4 53. Rd5 Kf4
54. Rd7 Kxe4 55. Rxf7 Rh3 56. Rxg7 Rxh5 57. Rg4+ Kd5 58. Kf3 Rh3+ 59. Kg2 Rh5
60. Kf2 d3 61. Ke3 Rh3+ 62. Kd2 e4 63. Kc3 Rh2 64. Rg8 h5 65. Rd8+ Ke5 66. Re8+
Kf4 67. Rf8+ Ke3 68. Rg8 d2 69. Rg3+ Kf4 70. Rg1 e3 71. Kd3 Kf3 72. Rf1+ Kg2 73.
Ra1 Rh1 74. Rxh1 Kxh1 75. Ke2 Kg2 76. Kd1 Kf2 0-1

[Event "Challenge"]
[Site "http://www.queenalice.com/game.php?id=1283440"]
[Date "2014.5.22"]
[Round "-"]
[White "chrnno"]
[Black "Omar"]
[Result "0-1"]
[WhiteElo "1629"]
[BlackElo "1737"]

1. e4 e5 2. Qf3 h6 3. Bc4 Nf6 4. h4 d6 5. Nc3 Nc6 6. Nge2 Nb4 7. Bb3 Qe7 8. Nd5
Nfxd5 9. exd5 a5 10. c3 Na6 11. d4 exd4 12. cxd4 Bd7 13. g4 a4 14. Bc2 Nb4 15.
Bb1 c6 16. a3 Nxd5 17. O-O Qe6 18. Bf5 Qe7 19. Bd2 Bxf5 20. Rfe1 Be6 21. Nf4
Nxf4 22. Bxf4 Qxh4 23. Bg3 Qh3 24. d5 cxd5 25. Qxd5 Be7 26. Qxb7 O-O 27. Qxe7
Bd5 28. Re4 Rae8 29. Qh4 Qxh4 30. Bxh4 Rxe4 31. f3 Re2 32. Rd1 Bxf3 33. Rxd6
Bxg4 34. Rd4 Rc8 35. Rd1 Rg2+ 36. Kxg2 h5 37. Rd2 Kh7 38. Kg3 Rc5 39. Rf2 Kh6
40. Rxf7 Rc6 41. Ra7 g5 42. Rxa4 gxh4+ 43. Kxh4 Rb6 44. b4 Bd1 45. Ra5 Be2 46.
Re5 Bd1 47. Rd5 Bg4 48. b5 Be2 49. a4 Rg6 50. Rd4 Bf1 51. Rf4 Be2 52. Re4 Rg4+
53. Rxg4 Bxg4 54. b6 Bc8 55. a5 Bb7 56. Kh3 Kg5 57. Kg3 h4+ 58. Kh3 Ba6 59. Kh2
Kg4 60. Kg2 h3+ 61. Kh2 Bb7 0-1

[Event "Challenge"]
[Site "http://www.queenalice.com/game.php?id=1284047"]
[Date "2014.5.26"]
[Round "-"]
[White "chrnno"]
[Black "Omar"]
[Result "0-1"]
[WhiteElo "1670"]
[BlackElo "1726"]

1. e4 e5 2. Nc3 c6 3. Qf3 Nf6 4. h3 h6 5. g4 a6 6. a3 d6 7. b4 d5 8. exd5 cxd5
9. Nxd5 Nxd5 10. c4 Nf6 11. Ne2 Be7 12. Nc3 Nc6 13. b5 axb5 14. cxb5 Nd4 15. Qd3
Nh7 16. Ne4 Ng5 17. Nxg5 Bxg5 18. Bb2 Be6 19. O-O-O Rc8+ 20. Kb1 Qd5 21. f3 Qa2#
0-1

[Event "Challenge"]
[Site "http://www.queenalice.com/game.php?id=1298114"]
[Date "2014.7.30"]
[Round "-"]
[White "chrnno"]
[Black "Omar"]
[Result "0-1"]
[WhiteElo "1621"]
[BlackElo "1798"]

1. e4 e5 2. Qf3 h6 3. Bc4 Nf6 4. g4 Qe7 5. a3 a6 6. b4 Nc6 7. c3 b5 8. Bb3 Bb7
9. d3 Bc8 10. h3 Nh7 11. h4 d6 12. g5 hxg5 13. hxg5 g6 14. Qg2 Bg7 15. Nf3 Be6
16. c4 bxc4 17. Bxc4 Bxc4 18. dxc4 Nd4 19. Nxd4 exd4 20. Ra2 Rb8 21. f3 Qe6 22.
Nd2 Qe5 23. Nb3 c5 24. f4 Qe7 25. Bd2 Kd7 26. O-O Nf8 27. Re1 Qd8 28. Qg4+ Kc7
29. f5 gxf5 30. exf5 Be5 31. Bf4 Bxf4 32. Qxf4 Kb6 33. bxc5+ dxc5 34. Rb2 Ka7
35. Ree2 Nd7 36. f6 Qc8 37. Qd6 Rb6 38. Qe7 Re8 39. Qxf7 Rxe2 40. Rb1 Qb7 41.
Qd5 Qxd5 42. cxd5 Re3 43. a4 Rg3+ 44. Kf2 Rxg5 45. Ke2 Nxf6 46. Kd3 Rxd5 47. a5
Rb7 48. Kc4 Rb4+ 49. Kd3 c4+ 0-1